La Carta Europea de Autonomía Local a los treinta años de su aplicación (Record no. 109364)

MARC details
000 -LEADER
campo de control de longitud fija 02021nam a2200469 i 4500
001 - NÚMERO DE CONTROL
campo de control MOR01000109692
003 - IDENTIFICADOR DE NÚMERO DE CONTROL
campo de control $$amxdfmo
005 - FECHA Y HORA DE LA ÚLTIMA TRANSACCIÓN
campo de control 20260331231140.0
008 - DATOS DE LONGITUD FIJA--INFORMACIÓN GENERAL
campo de control de longitud fija 210907s2019 sp g bi 000 0 spa d
020 ## - NÚMERO INTERNACIONAL ESTÁNDAR DEL LIBRO
Número Internacional Estándar del Libro 9788412026740
035 ## - NÚMERO DE CONTROL DEL SISTEMA
Número de control de sistema 210049
040 ## - FUENTE DE CATALOGACIÓN
Centro catalogador/agencia de origen mxcmmo
Lengua de catalogación spa
Centro/agencia transcriptor mxcmmo
Normas de descripción rda
041 0# - CÓDIGO DE IDIOMA
Código de lengua del texto/banda sonora o título independiente spa
043 ## - CÓDIGO DE ÁREA GEOGRÁFICA
Código de área geográfica e------
045 ## - PERIODO DE TIEMPO DEL CONTENIDO
Código de periodo de tiempo x8y1
082 04 - NÚMERO DE LA CLASIFICACIÓN DECIMAL DEWEY
Número de clasificación 352.04
Número de ítem CAR.e
245 03 - MENCIÓN DEL TÍTULO
Título La Carta Europea de Autonomía Local a los treinta años de su aplicación
Resto del título : balance y perspectivas/
Mención de responsabilidad, etc. Tomàs Font i Llovet (dir.) ; Marc Vilalta i Reixach (coord.) ; prólogo de Andreas Kiefer ; [autor] José Manuel Bandrés Sánchez-Cruzat (y otros)
264 #1 - PRODUCCIÓN, PUBLICACIÓN, DISTRIBUCIÓN, FABRICACIÓN Y COPYRIGHT
Producción, publicación, distribución, fabricación y copyright [Lugar de publicación no identificado]:
Nombre del de productor, editor, distribuidor, fabricante Fundación Democracia y Gobierno Local,
Fecha de producción, publicación, distribución, fabricación o copyright [Fecha de publicación no identificada]
300 ## - DESCRIPCIÓN FÍSICA
Extensión 447 páginas;
Dimensiones 24 cm
336 ## - TIPO DE CONTENIDO
Término de tipo de contenido texto
Código de tipo de contenido txt
Fuente rdacontent
337 ## - TIPO DE MEDIO
Nombre/término del tipo de medio sin medio
Código del tipo de medio n
Fuente rdamedia
338 ## - TIPO DE SOPORTE
Nombre/término del tipo de soporte volumen
Código del tipo de soporte nc
Fuente rdacarrier
490 0# - MENCIÓN DE SERIE
Mención de serie Claves 30. Serie Claves del Gobierno Local
504 ## - NOTA DE BIBLIOGRAFÍA, ETC.
Nota de bibliografía, etc. Nota Incluye referencias bibliográficas
541 0# - NOTA DE FUENTE DE ADQUISICIÓN DIRECTA
Fuente de adquisición Puvill Libros SA
Forma de adquisición Compra
650 #7 - PUNTO DE ACCESO ADICIONAL DE MATERIA--TÉRMINO DE MATERIA
Término de materia o nombre geográfico como elemento de entrada Autonomía municipal
Subdivisión geográfica Unión Europea
Subdivisión general Alocuciones, ensayos, conferencias
9 (RLIN) 197290
650 #7 - PUNTO DE ACCESO ADICIONAL DE MATERIA--TÉRMINO DE MATERIA
Término de materia o nombre geográfico como elemento de entrada Gobierno local
Subdivisión geográfica Unión Europea
Subdivisión general Alocuciones, ensayos, conferencias
9 (RLIN) 197291
650 #7 - PUNTO DE ACCESO ADICIONAL DE MATERIA--TÉRMINO DE MATERIA
Término de materia o nombre geográfico como elemento de entrada Políticas públicas
Subdivisión geográfica Unión Europea
Subdivisión general Alocuciones, ensayos, conferencias
9 (RLIN) 197292
700 1# - ENTRADA AGREGADA--NOMBRE PERSONAL
Nombre de persona Bandrés Sánchez-Cruzat, José Manuel
Término indicativo de función/relación autor
9 (RLIN) 197293
700 1# - ENTRADA AGREGADA--NOMBRE PERSONAL
Nombre de persona Font i Llovet, Tomàs
Término indicativo de función/relación editor
9 (RLIN) 197294
700 1# - ENTRADA AGREGADA--NOMBRE PERSONAL
Nombre de persona Kiefer, Andreas
Término indicativo de función/relación prologuista
9 (RLIN) 197295
700 1# - ENTRADA AGREGADA--NOMBRE PERSONAL
Nombre de persona Vilalta i Reixach, Marc
Término indicativo de función/relación editor
9 (RLIN) 197296
710 1# - ENTRADA AGREGADA--NOMBRE DE ENTIDAD CORPORATIVA
Nombre de entidad corporativa o nombre de jurisdicción como elemento de entrada Fundación Democracia y Gobierno Local (España)
Término indicativo de función/relación editor
9 (RLIN) 197297
900 ## - ELEMENTOS DE DATOS A LOCAL, LDA (RLIN)
Nombre de persona CATY
Numeración 30
Títulos y otros términos asociados al nombre 20210922
Lenguaje de la obra MOR01
-- 1158
900 ## - ELEMENTOS DE DATOS A LOCAL, LDA (RLIN)
Nombre de persona KLASY
Numeración 30
Títulos y otros términos asociados al nombre 20211111
Lenguaje de la obra MOR01
-- 1134
900 ## - ELEMENTOS DE DATOS A LOCAL, LDA (RLIN)
Nombre de persona LUIS
Numeración 20
Títulos y otros términos asociados al nombre 20210907
Lenguaje de la obra MOR01
-- 1159
900 ## - ELEMENTOS DE DATOS A LOCAL, LDA (RLIN)
Nombre de persona LUIS
Numeración 20
Títulos y otros términos asociados al nombre 20210907
Lenguaje de la obra MOR01
-- 1159
900 ## - ELEMENTOS DE DATOS A LOCAL, LDA (RLIN)
Nombre de persona VOBO
Numeración 40
Títulos y otros términos asociados al nombre 20211111
Lenguaje de la obra MOR01
-- 1331
900 ## - ELEMENTOS DE DATOS A LOCAL, LDA (RLIN)
Nombre de persona VOBO
Numeración 40
Títulos y otros términos asociados al nombre 20211111
Lenguaje de la obra MOR01
-- 1331
904 ## - ELEMENTOS DE DATOS D LOCAL, LDD (RLIN)
a UPDATE
942 ## - ELEMENTOS DE ENTRADA SECUNDARIOS (KOHA)
Código de la institución [OBSOLETO] BK
901 ## - ELEMENTOS DE DATOS A LOCAL LDA (RLIN)
a batch batch
Holdings
Estatus retirado Estado de pérdida Fuente del sistema de clasificación o colocación Estado de daño No para préstamo Colección Biblioteca de origen Biblioteca actual Ubicación en estantería Fecha de adquisición Fuente de adquisición Número de inventario Total de préstamos Signatura topográfica completa Código de barras Visto por última vez Precio de reemplazo Tipo de ítem Koha
    Clasificación Decimal Dewey     Libros (General) Biblioteca Instituto Mora Biblioteca Instituto Mora Regular 22/09/2021   137090   (G)/352.04 CAR.e 33006801140555 03/09/2024 03/09/2024 Libro préstamo regular